000 00839cab a2200253 4500
001 WB3412-18
008 090401t1998 xxu||||| |||| 00| 0 eng d
035 _a(Sirsi) u85241
041 _aeng
245 _aUtilities Green Paper
260 _c1998
350 _a0
490 _aFinancial Times
_v26 March 1998, 11(2)
520 _aGovernment moves to split the licence awarded to regional electricity companies is expected to prompt a round of takeovers and joint ventures as companies seek to consolidate their position in the market. Table. Map.
650 _aGREEN PAPER
650 _aJOINT VENTURES
650 _aLICENCES
650 _aREGIONAL ELECTRICITY COMPANIES
650 _aTAKEOVERS
650 _aUtilities
_96272
690 _aENVIRONMENTAL AND LAND CONSULTANCY-ENERGY
942 _n0
948 _c26/03/1998
999 _c53581
_d53581